LEADER 01027nam0 22002651i 450 001 UON00183191 005 20260227085636.11 010 $a07-456-0371-8 100 $a20030730d1988 |0itac50 ba 101 $aeng 102 $aGB 105 $a|||| 1|||| 200 1 $aQualitative methods in human geography$fedited by John Eyles and David Marshal l Smith 210 $aCambridge$cPolity Press$d1988 215 $aXIII, 272 p.$d25 cm. 606 $aGeografia$xMetodologia$3UONC034515$2FI 620 $dCambridge$3UONL000022 701 1$aEyles$bJohn$3UONV105913 701 1$aSmith$bDavid Marshall$3UONV104774 801 $aIT$bSOL$c20260306$gRICA 899 $aSIBA - SISTEMA BIBLIOTECARIO DI ATENEO E ARCHIVIO STORICO$2UONSI 912 $aUON00183191 950 $aSIBA - SISTEMA BIBLIOTECARIO DI ATENEO E ARCHIVIO STORICO$dSI VII GEO A 0153 $eSI SC 22750 5 0153 996 $aQualitative methods in human geography$91288668 997 $aUNIOR